000 00633nam a2200193 a 4500
001 000030251
005 20200930060153.0
008 110505s1994 dr a 000 0 spa d
040 _aDO-SdBNP
_bspa
_cBNPHU
082 _axxx
_bM828c
100 1 _aMorales Payán, José Pablo
_956935
245 1 0 _aCultivo de berenjena /
_cJosé Pablo Morales Payán.
260 _aSanto Domingo :
_bFundación de Desarrollo Agropecuario,
_c1994.
300 _a38 p. :
_bil. ;
_c28 cm.
490 1 _aBoletin técnico
_acultivos
_vno. 21
504 _aBibliografía : p. 33-38
830 0 _aBoletin técnico ;
_pcultivos
_vno. 21
_956936
049 _aBNPD
999 _c29743
_d29743